| 000 | 05800cam a22018854i 4500 | ||
|---|---|---|---|
| 003 | PE-LiUPU | ||
| 005 | 20250813165349.0 | ||
| 008 | 160711s2015 ck rb 000 0 spa d | ||
| 020 | _a9789588815671 | ||
| 035 | _a(Sirsi) a162003 | ||
| 082 | 0 | 4 |
_a628.16 _bH56 _220 |
| 100 | 1 |
_aHincapié Pérez, Margarita María, _eautor. |
|
| 245 | 1 | 0 |
_aDiagnóstico de aguas : _bManual de laboratorio / _cMargarita María Hincapié Pérez, Gloria Marlene Chaverra Cardono. |
| 264 | 1 |
_aColombia : _bUniversidad de Medellín, _c2015. |
|
| 300 |
_a206 páginas : _bilustraciones ; _c24 centímetros |
||
| 504 | _aBibliografía : páginas 205-206. | ||
| 505 | 0 | _aIntroducción -- Normas básicas de seguridad en el laboratorio -- Determinación de medidas instrumentales directas -- Determinación de sólidos -- Determinación de oxígeno disuelto (OD) -- Demanda química de oxígeno -- Demanda bioquímica de oxígeno -- Biodegradabilidad -- Determinación de nitrógeno total, amoniacal y orgánico -- Determinación de nitratos y nitritos -- Determinación de fósforo -- Determinación de sulfatos -- Determinación de grasas y aceites -- Determinación de metales. | |
| 526 | _aP203 | ||
| 526 | _aP200 | ||
| 526 | _aSEG65 | ||
| 526 | _aSEG64 | ||
| 526 | _aSEG63 | ||
| 526 | _aSEG62 | ||
| 526 | _aSEG61 | ||
| 526 | _aSEG60 | ||
| 526 | _aSEG59 | ||
| 526 | _aSEG58 | ||
| 526 | _aSEG57 | ||
| 526 | _aSEG56 | ||
| 526 | _aSEG55 | ||
| 526 | _aSEG54 | ||
| 526 | _aSEG53 | ||
| 526 | _aSEG52 | ||
| 526 | _aSEG51 | ||
| 526 | _aSEG50 | ||
| 526 | _aSEG49 | ||
| 526 | _aSEG48 | ||
| 526 | _aSEG47 | ||
| 526 | _aSEG46 | ||
| 526 | _aSEG24 | ||
| 526 | _aSEG23 | ||
| 526 | _aSEG22 | ||
| 526 | _aSEG21 | ||
| 526 | _aSEG20 | ||
| 526 | _aSEG19 | ||
| 526 | _aSEG18 | ||
| 526 | _aSEG17 | ||
| 526 | _aSEG16 | ||
| 526 | _aSEG14 | ||
| 526 | _aSEG13 | ||
| 526 | _aSEG12 | ||
| 526 | _aSEG11 | ||
| 526 | _aSEG10 | ||
| 526 | _aSEG09 | ||
| 526 | _aSEG06 | ||
| 526 | _aSEG05 | ||
| 526 | _aSEG04 | ||
| 526 | _aSEG03 | ||
| 526 | _aSEG02 | ||
| 526 | _aSEG68 | ||
| 526 | _aSEG66 | ||
| 526 | _aSEG45 | ||
| 526 | _aSEG25 | ||
| 526 | _aSEG01 | ||
| 526 | _aP163 | ||
| 526 | _aP162 | ||
| 526 | _aP161 | ||
| 526 | _aP160 | ||
| 526 | _aP159 | ||
| 526 | _aP158 | ||
| 526 | _aP157 | ||
| 526 | _aP156 | ||
| 526 | _aP155 | ||
| 526 | _aP154 | ||
| 526 | _aP153 | ||
| 526 | _aP152 | ||
| 526 | _aP151 | ||
| 526 | _aP150 | ||
| 526 | _aP149 | ||
| 526 | _aP142 | ||
| 526 | _aP141 | ||
| 526 | _aP140 | ||
| 526 | _aP139 | ||
| 526 | _aP138 | ||
| 526 | _aP137 | ||
| 526 | _aP132 | ||
| 526 | _aP131 | ||
| 526 | _aP130 | ||
| 526 | _aP126 | ||
| 526 | _aP125 | ||
| 526 | _aP124 | ||
| 526 | _aP123 | ||
| 526 | _aP115 | ||
| 526 | _aP122 | ||
| 526 | _aP121 | ||
| 526 | _aP116 | ||
| 526 | _a P114 | ||
| 526 | _aP112 | ||
| 526 | _aP111 | ||
| 526 | _aP104 | ||
| 526 | _aP103 | ||
| 526 | _aP102 | ||
| 526 | _aP101 | ||
| 526 | _aP100 | ||
| 526 | _aP96 | ||
| 526 | _aP95 | ||
| 526 | _aP93 | ||
| 526 | _aP92 | ||
| 526 | _aP91 | ||
| 526 | _aP88 | ||
| 526 | _aP83 | ||
| 526 | _aP82 | ||
| 526 | _aP79 | ||
| 526 | _aP78 | ||
| 526 | _aP75 | ||
| 526 | _aP74 | ||
| 526 | _aP71 | ||
| 526 | _aP69 | ||
| 526 | _a P51 | ||
| 526 | _aP49 | ||
| 526 | _aP48 | ||
| 526 | _aP47 | ||
| 526 | _aP33 | ||
| 526 | _aP31 | ||
| 526 | _a P30 | ||
| 526 | _aP29 | ||
| 526 | _aP27 | ||
| 526 | _aP26 | ||
| 526 | _aP25 | ||
| 526 | _aP24 | ||
| 526 | _a P22 | ||
| 526 | _aP10 | ||
| 526 | _aP09 | ||
| 526 | _a P08 | ||
| 526 | _aP06 | ||
| 526 | _aP05 | ||
| 526 | _aP04 | ||
| 526 | _aP01 | ||
| 541 | _g001-003147; | ||
| 541 | _g002-00000291; | ||
| 541 | _g423-0000040; | ||
| 541 | _gF001-0000831; | ||
| 630 | 0 | 4 | _aDiagnóstico de aguas. |
| 650 | 0 | 4 | _aManuales técnicos. |
| 700 | 1 |
_aChaverra Cardona, Gloria Marlene, _eautor. |
|
| 910 |
_ajck _bebj _cebj _d20160711 |
||
| 910 |
_armch _btqv _cjfb _d20180802 |
||
| 910 |
_agavs _d20181001 |
||
| 910 |
_armch _bwelc _cwelc _d20190204 |
||
| 942 |
_2ddc _cBOOK |
||
| 949 |
_a628.16 H56 _wDEWEY _c1 _i73862 _lCATALOGING _mBUL _p21.96 _r0 _sY _tBOOK _u11/07/16 _xINGENIERIA _PP24 _o.STAFF. Colección General _0compra |
||
| 949 |
_a628.16 H56 2015 _wDEWEY _c1 _iFJ11222 _lCCODEBUJ1 _mBUJ _p15.20 _r0 _sY _tBOOK _u2018-08-02 _xINGENIERIA _PP24 _0COMPRA _o.STAFF. Colección General Juliaca |
||
| 949 |
_a628.16 H56 2015 _wDEWEY _c2 _iFJ12516 _lCCODEBUJ1 _mBUJ _p17.13 _r0 _sY _tBOOK _u2019-02-04 _xINGENIERIA _PP24 _0COMPRA _o.STAFF. Colección General Juliaca |
||
| 949 |
_a628.16 H56 2015 _wDEWEY _c1 _iFT03971 _lCCODEBUT1 _mBUT _p{dolar}57.40 _r0 _sY _tBOOK _u2018-10-01 _xFIA _zARMBIENTAL _0COMPRA _o.STAFF. Colección General Tarapoto |
||
| 596 | _a1 2 3 | ||
| 999 |
_a628.16 H56 2015 _wDEWEY _c10980 _iFJ11222 _d10980 _f2022-1-26 _g2 _lCCODEBUJ1 _mBUJ _p15.20 _q4 _r0 _sY _tBOOK _u2018-8-2 _xINGENIERIA _PP24 _0COMPRA _1FCOMPRA _o.STAFF. Colección General Juliaca |
||
| 999 |
_a628.16 H56 2015 _wDEWEY _c2 _iFJ12516 _d2022-5-2 _e2022-4-29 _f2022-1-26 _g3 _lCCODEBUJ1 _mBUJ _n2 _p17.13 _q3 _r0 _sY _tBOOK _u2019-2-4 _xINGENIERIA _PP24 _0COMPRA _1FCOMPR2 _o.STAFF. Colección General Juliaca |
||
| 999 |
_a628.16 H56 _wDEWEY _c1 _i73862 _f2021-11-9 _g3 _lCCODEBUL1 _mBUL _p21.96 _r0 _sY _tBOOK _u2018-8-2 _xINGENIERIA _PP24 _0COMPRA _o.STAFF. Colección General |
||
| 999 |
_a628.16 H56 2015 _wDEWEY _c1 _iFT03971 _f2019-2-20 _g1 _lCCODEBUT1 _mBUT _p57.40 _r0 _sY _tBOOK _u2018-10-1 _xINGENIERIA _PP24 _0COMPRA _1FCOMPR2 _o.STAFF. Colección General Tarapoto |
||
| 980 |
_81 _gALBERTO SANCHEZ Responsable de Automatización |
||